Oscar Winner Actors in DC Films-Sudden Death - Statistics

General Stats
  • This quiz has been taken 48 times
    47 since last reset
  • The average score is 5 of 16
Answers on the Grid
Answers color-coded by a green-red scale on the quiz's grid according to % correct below.
Michael Keaton
Ben Affleck
Joaquin Phoenix
Brad Pitt
Nicole Kidman
Ian McKellen
Billy Dee Williams
J.K.Simmons
Robert Downey Jr.
Kim Basinger
Uma Thurman
Michael Caine
Lady Gaga
Denzel Washington
Jack Nicholson
Jim Carrey
Heah Ledger
Amy Adams
Jeremy Irons
Marion Cotillard
Gal Gadot
Christopher Walken
Gary Oldman
Jason Momoa
Holly Hunter
Robert De Niro
Liam Neeson
Eric Roberts
Pierce Brosnan
Cillian Murphy
George Clooney
Viola Davis
 
Answer Stats
Answer % Correct
Joaquin Phoenix
88%
Cillian Murphy
44%
J.K.Simmons
44%
Nicole Kidman
44%
Heah Ledger
38%
Gary Oldman
31%
Michael Caine
31%
Christopher Walken
25%
George Clooney
25%
Jack Nicholson
25%
Kim Basinger
25%
Marion Cotillard
25%
Jeremy Irons
19%
Robert De Niro
19%
Viola Davis
19%
Holly Hunter
13%
No matching quizzes found
Score Distribution
Percent of People with Each Score
Percentile by Number Answered
Your Score History
You have not taken this quiz since the last reset